¿Qué saben y qué deberían saber los alumnos de primaria sobre el medio : dos problemas profesionales relevantes en la formación inicial del maestro (Record no. 117750)

MARC details
000 -CABECERA
campo de control de longitud fija 00691nab a2200205 a 4500
005 - FECHA Y HORA DE LA ÚLTIMA TRANSACCIÓN
campo de control 20210223125956.0
008 - ELEMENTOS DE LONGITUD FIJA--INFORMACIÓN GENERAL
campo de control de longitud fija 991125s1985 mx 000 0 spa u
035 ## - NÚMERO DE CONTROL DEL SISTEMA
Número de control de sistema UPN01000145604
100 1# - ASIENTO PRINCIPAL--NOMBRE PERSONAL
Nombre de persona Porlán Ariza, Rafael,
Fechas asociadas al nombre 1953-
9 (RLIN) 29580
222 ## - TÍTULO CLAVE
Título clave INVESTIGACION EN LA ESCUELA
245 ## - MENCIÓN DE TÍTULO
Título ¿Qué saben y qué deberían saber los alumnos de primaria sobre el medio : dos problemas profesionales relevantes en la formación inicial del maestro
260 ## - PUBLICACIÓN, DISTRIBUCIÓN, ETC.
Lugar de publicación, distribución, etc. Sevilla, España
300 ## - DESCRIPCIÓN FÍSICA
Extensión 5-15
362 0# - FECHAS DE PUBLICACIÓN Y/O DESIGNACIÓN SECUENCIAL
Fecha de publicación y/o designación secuencial 2000 No. 42
653 0# - TERMINO DE INDIZACION - NO CONTROLADO
Término no controlado FORMACION DE MAESTROS
653 0# - TERMINO DE INDIZACION - NO CONTROLADO
Término no controlado EDUCACION PRIMARIA
653 0# - TERMINO DE INDIZACION - NO CONTROLADO
Término no controlado PRACTICA DOCENTE
653 0# - TERMINO DE INDIZACION - NO CONTROLADO
Término no controlado ESTRATEGIAS DE ENSEÑANZA
905 ## - TIPO DE MATERIAL
Tipo de material Articulo

No items available.